[Event "AUT-ch 2018"]
[Site "Vienna"]
[Date "2018.07.29"]
[Round "9"]
[White "Gutmann, Alois"]
[Black "Hofegger, Jakob"]
[Result "0-1"]
[WhiteElo "2062"]
[BlackElo "2147"]
[Annotator "NA"]
[PlyCount "74"]
[EventDate "2018.07.22"]
[EventType "swiss"]
[EventCountry "AUT"]
[SourceTitle "playchess.com"]
[Source "ChessBase"]
[SourceQuality "1"]
[TimeControl "40/5400+30:1800+30"]

1. e4 {[%emt 0:00:00]} e6 {[%emt 0:00:06]} 2. b3 {[%emt 0:00:00]} c5 {[%emt 0:01:06]} 3. Bb2 {[%emt 0:01:08]} Nf6 {[%emt 0:00:40]} 4. Nc3 {[%emt 0:02:37]} d6 {[%emt 0:03:20]} 5. f4 {[%emt 0:02:04]} Be7 {[%emt 0:00:46]} 6. Bb5+ {[%emt 0:03:20]} Bd7 {[%emt 0:01:49]} 7. Qe2 {[%emt 0:06:30]} a6 {[%emt 0:04:17]} 8. Bxd7+ {[%emt 0:01:37]} Qxd7 {[%emt 0:00:06]} 9. e5 {[%emt 0:21:44]} dxe5 {[%emt 0:00:44]} 10. fxe5 {[%emt 0:00:11]} Nd5 {[%emt 0:00:13]} 11. Qg4 {[%emt 0:00:32]} g6 {[%emt 0:10:00]} 12. Ne4 {[%emt 0:01:43]} Nc6 {[%emt 0:03:20]} 13. O-O-O {[%emt 0:04:07]} O-O-O {[%emt 0:04:48]} 14. Nf3 {[%emt 0:04:34]} Kb8 {[%emt 0:07:00]} 15. h4 {[%emt 0:02:32]} h5 {[%emt 0:01:53]} 16. Qg3 {[%emt 0:00:35]} c4 {[%emt 0:12:53]} 17. bxc4 {[%emt 0:11:30]} Ndb4 {[%emt 0:03:45]} 18. Nd6 {[%emt 0:01:46]} Nxa2+ {[%emt 0:19:19]} 19. Kb1 {[%emt 0:00:10]} Ncb4 {[%emt 0:00:03]} 20. c3 {[%emt 0:11:14]} Qa4 {[%emt 0:04:46]} 21. cxb4 {[%emt 0:02:00]} Nxb4 {[%emt 0:00:07]} 22. Nd4 {[%emt 0:00:53]} Qa2+ {[%emt 0:01:10]} 23. Kc1 {[%emt 0:00:03]} Rxd6 {[%emt 0:10:52]} 24. exd6 {[%emt 0:03:16]} Qxc4+ {[%emt 0:00:05]} 25. Bc3 {[%emt 0:01:57]} Bf6 {[%emt 0:01:54]} 26. d7+ {[%emt 0:01:16]} Ka8 {[%emt 0:00:37]} 27. Qd6 {[%emt 0:01:58]} Nd5 {[%emt 0:04:10]} 28. Rh3 {[%emt 0:10:00]} Be7 {[%emt 0:01:01]} 29. Qe5 {[%emt 0:01:37]} Rd8 {[%emt 0:00:34]} 30. Kb2 {[%emt 0:02:50]} Nb6 {[%emt 0:01:29]} 31. Qa5 {[%emt 0:00:31]} Na4+ {[%emt 0:02:03]} 32. Kb1 {[%emt 0:00:19]} Rxd7 {[%emt 0:00:28]} 33. Re1 {[%emt 0:01:14]} Rd5 {[%emt 0:00:23]} 34. d3 {[%emt 0:00:30]} Nxc3+ {[%emt 0:00:11]} 35. Kc2 {[%emt 0:00:35]} Qxd4 {[%emt 0:00:17]} 36. Qc7 {[%emt 0:00:28]} Rc5 {[%emt 0:00:27]} 37. Qxe7 {[%emt 0:00:14]} Nd5+ {[%emt 0:00:10]} 0-1

[Event "AUT-ch 2018"]
[Site "Vienna"]
[Date "2018.07.29"]
[Round "9"]
[White "Thoma, Wilhelm Jun"]
[Black "Ebner, Johann"]
[Result "1/2-1/2"]
[WhiteElo "2007"]
[BlackElo "2079"]
[Annotator "NA"]
[PlyCount "64"]
[EventDate "2018.07.22"]
[EventType "swiss"]
[EventCountry "AUT"]
[SourceTitle "playchess.com"]
[Source "ChessBase"]
[SourceQuality "1"]
[TimeControl "40/5400+30:1800+30"]

1. Nf3 {[%emt 0:00:00]} Nf6 {[%emt 0:00:07]} 2. c4 {[%emt 0:00:00]} e6 {[%emt 0:00:53]} 3. Nc3 {[%emt 0:00:00]} Bb4 {[%emt 0:00:08]} 4. Qc2 {[%emt 0:00:15]} O-O {[%emt 0:00:10]} 5. a3 {[%emt 0:00:07]} Bxc3 {[%emt 0:05:46]} 6. Qxc3 {[%emt 0:00:32]} c5 {[%emt 0:09:18]} 7. g3 {[%emt 0:02:07]} b6 {[%emt 0:00:21]} 8. Bg2 {[%emt 0:00:12]} Bb7 {[%emt 0:00:09]} 9. O-O {[%emt 0:00:31]} d6 10. d4 {[%emt 0:11:33]} cxd4 {[%emt 0:13:30]} 11. Qxd4 {[%emt 0:02:45]} Nc6 {[%emt 0:05:20]} 12. Qh4 {[%emt 0:03:51]} Ne7 {[%emt 0:02:01]} 13. Bg5 {[%emt 0:02:51]} Ng6 {[%emt 0:06:35]} 14. Qd4 {[%emt 0:05:40]} e5 {[%emt 0:02:39]} 15. Bxf6 {[%emt 0:01:10]} Qxf6 {[%emt 0:00:09]} 16. Qd2 {[%emt 0:01:29]} Rad8 {[%emt 0:07:27]} 17. Ng5 {[%emt 0:08:27]} Bxg2 {[%emt 0:05:06]} 18. Kxg2 {[%emt 0:00:04]} h6 {[%emt 0:01:41]} 19. Ne4 {[%emt 0:09:17]} Qe6 {[%emt 0:00:22]} 20. Qd5 {[%emt 0:02:36]} Qg4 {[%emt 0:04:50]} 21. e3 {[%emt 0:10:53]} Ne7 {[%emt 0:10:21]} 22. h3 {[%emt 0:03:26]} Qg6 {[%emt 0:04:09]} 23. Qb7 {[%emt 0:00:58]} d5 {[%emt 0:08:18]} 24. Nc3 {[%emt 0:02:35]} Qe6 {[%emt 0:02:43]} 25. cxd5 {[%emt 0:06:28]} Nxd5 {[%emt 0:00:42]} 26. Qxa7 {[%emt 0:00:21]} Nxc3 {[%emt 0:02:09]} 27. bxc3 {[%emt 0:00:06]} Qc6+ {[%emt 0:00:08]} 28. Kg1 {[%emt 0:00:46]} Rd7 {[%emt 0:00:49]} 29. Qa6 {[%emt 0:00:00]} Ra8 {[%emt 0:00:14]} 30. Qe2 {[%emt 0:00:01]} Qxc3 {[%emt 0:00:31]} 31. Qb5 {[%emt 0:01:18]} Rda7 {[%emt 0:04:49]} 32. Qxb6 {[%emt 0:03:18]} Rxa3 {[%emt 0:00:31]} 1/2-1/2